Biblioteca y Centro de Documentación

Presentación del Proyecto de Presupuestos Generales del Estado 2013 (Registro nro. 24745)

Detalles MARC
000 -CABECERA
Longitud fija campo de control 01331nam a2200337 c 4500
001 - NÚMERO DE CONTROL
Número de control 24745
003 - IDENTIFICADOR DE NÚMERO DE CONTROL
Identificador del número de control ES-MaCES
005 - FECHA Y HORA DE LA ÚLTIMA TRANSACCIÓN
Fecha y hora de la última transacción 20170707132251.0
008 - CAMPO FIJO DE DESCRIPCIÓN FIJA--INFORMACIÓN GENERAL
Códigos de información de longitud fija   121115s2012 sp d t o000 | spa d
017 ## - NÚMERO DE REGISTRO DE DERECHOS DE AUTOR Y DEPÓSITO LEGAL
Número de copyright o de depósito legal M 31897-2012
Agencia que asigna el número DL
020 ## - ISBN (INTERNATIONAL STANDARD BOOK NUMBER)
Número Internacional Normalizado para Libros (ISBN) 9788447606177
024 7# - OTROS IDENTIFICADORES
Número normalizado o código 630-12-107-8
Fuente del número o código nipo
035 ## - NÚMERO DE CONTROL DEL SISTEMA
Número de control del sistema CES20120007355m
040 ## - FUENTE DE CATALOGACIÓN
Centro catalogador de origen ES-MaCES
Lengua de catalogación spa
Centro transcriptor ES-MaCES
245 00 - MENCIÓN DE TÍTULO
Título Presentación del Proyecto de Presupuestos Generales del Estado 2013
Mención de responsabilidad, etc. [elaboración y coord., Ministerio de Hacienda y Administraciones Públicas, Secretaría de Estado de Presupuestos y Gastos]
260 ## - PUBLICACIÓN, DISTRIBUCIÓN, ETC (PIE DE IMPRENTA)
Lugar de publicación, distribución, etc. [Madrid]
Nombre del editor, distribuidor, etc. Ministerio de Hacienda y Administraciones Públicas
Fecha de publicación, distribución, etc. [2012]
300 ## - DESCRIPCIÓN FÍSICA
Extensión 303, [5] p.
Otras características físicas gráf. col.
Dimensiones 24 cm
541 ## - NOTA DE LA FUENTE INMEDIANTE DE ADQUISICIÓN
Forma de adquisición Gratuito
650 #4 - ASIENTO SECUNDARIO DE MATERIA--TÉRMINO DE MATERIA
Término de materia o nombre geográfico como elemento inicial presupuesto nacional
9 (RLIN) 28073
650 #4 - ASIENTO SECUNDARIO DE MATERIA--TÉRMINO DE MATERIA
Término de materia o nombre geográfico como elemento inicial distribución del ingreso
9 (RLIN) 27109
650 #4 - ASIENTO SECUNDARIO DE MATERIA--TÉRMINO DE MATERIA
Término de materia o nombre geográfico como elemento inicial distribución del gasto
9 (RLIN) 30938
650 #4 - ASIENTO SECUNDARIO DE MATERIA--TÉRMINO DE MATERIA
Término de materia o nombre geográfico como elemento inicial España
9 (RLIN) 26964
650 #4 - ASIENTO SECUNDARIO DE MATERIA--TÉRMINO DE MATERIA
Término de materia o nombre geográfico como elemento inicial 2013
9 (RLIN) 31985
653 10 - TÉRMINO DE INDEXACIÓN--NO CONTROLADO
Término no controlado Hacienda Pública
710 1# - ENCABEZAMIENTO SECUNDARIO--NOMBRE CORPORATIVO
9 (RLIN) 3246
Nombre de entidad o nombre de jurisdicción como elemento inicial España
Unidad subordinada Ministerio de Hacienda y Administraciones Públicas
Término indicativo de función ed.
710 1# - ENCABEZAMIENTO SECUNDARIO--NOMBRE CORPORATIVO
Nombre de entidad o nombre de jurisdicción como elemento inicial España
Unidad subordinada Secretaría de Estado de Presupuestos y Gastos
9 (RLIN) 3369
787 0# - ENTRADA DE OTRAS ESPECIFICACIONES
Título Presentación del Proyecto de Presupuestos Generales del Estado 2012
Número de control del registro relacionado (ES-MaCES)24638
902 ## - CES. TIPO DE DOCUMENTO
Tipodoc (006$c Sirtex) LIB Libro
942 ## - ELEMENTOS KOHA
Fuente de clasificaión o esquema Clasificación propia del CES
Koha [por defecto] tipo de item Monografías
Parte de clasificación 0.1.
Existencias
Número de registro Signatura completa Tipo de item de Koha
082406 DPT-12460 Monografías
© CES, Consejo Económico y Social de España 2021